[Event "Berlin Neukoelln op 10th"]
[Site "Berlin"]
[Date "2004.05.28"]
[Round "6"]
[White "Kernchen, Frank"]
[Black "Sebastian, Martin"]
[Result "1-0"]
[WhiteElo "1509"]
[BlackElo "1924"]
[PlyCount "69"]
[EventDate "2004.04.25"]
[EventType "swiss"]
[EventRounds "7"]
[EventCountry "GER"]
[SourceTitle "EXT 2022"]
[Source "ChessBase"]
[SourceDate "2021.10.06"]
[SourceVersion "1"]
[SourceVersionDate "2021.10.06"]
[SourceQuality "1"]

1. e4 c5 2. f4 e6 3. Nf3 Nf6 4. Nc3 d6 5. Bb5+ Nfd7 6. 0-0 a6 7. Bxd7+ Nxd7 8. d4 b5 9. d5 b4 10. dxe6 fxe6 11. Ne2 Be7 12. f5 e5 13. Ng3 0-0 14. Qd5+ Rf7 15. Qxa8 Nb6 16. Qb8 Bf8 17. Bg5 Qd7 18. Rad1 Qc6 19. Nxe5 dxe5 20. Qxe5 h6 21. Bh4 Nc4 22. Qd5 Qxd5 23. Rxd5 Ne3 24. Rd8 Bb7 25. Rf2 Nc4 26. b3 Ne5 27. Re2 Kh7 28. Nh5 c4 29. Bg3 Nc6 30. Re8 c3 31. Nf4 Nd4 32. Rf2 Bc5 33. Ng6 Nxf5 34. exf5 Rxf5 35. Nf8+ 1-0